| 000 | 00909cam a22002777i 4500 | ||
|---|---|---|---|
| 001 | 23027723 | ||
| 003 | OSt | ||
| 005 | 20251009133327.0 | ||
| 008 | 230321s2023 paua b 001 0 eng d | ||
| 020 | _a9780323778466 (Paperback) | ||
| 040 |
_aYDX _beng _cNUST _dNUST _erda |
||
| 050 | 0 | 0 | _aRD81 FLE |
| 100 |
_aFleisher, Lee A. _eAuthor |
||
| 245 | 0 | 0 |
_aEvidence-based practice of anesthesiology / _cLee A. Fleisher. |
| 250 | _aFouth edition. | ||
| 260 |
_aPhiladelphia, PA : _bElsevier, _c©2023. |
||
| 300 |
_axvi, 576 pages : _bIllustrations ; _c28 cm. |
||
| 336 |
_atext _btxt _2rdacontent |
||
| 337 |
_aunmediated _bn _2rdamedia |
||
| 338 |
_avolume _bnc _2rdacarrier |
||
| 504 | _aIncludes bibliographical references and index. | ||
| 650 | 0 | _aAnesthesiology. | |
| 650 | 0 | _aEvidence-based medicine. | |
| 650 | 0 | _aAnesthesia. | |
| 942 |
_2lcc _n0 _cBOOKS _eFourth Edition _hRD81 FLE _kRD _mFLE |
||
| 999 |
_c171840 _d171840 |
||